00484 a2200169 450000500170000001000150001702000300003203500140006203700160007608200110009210000210010324500550012425000090017926000360018827000680022430000220029220211206112645.0 aENG-130196 c295.00a978-93-81904-35-0 aEN-113728 bDBAD / PUB14a823.921 aD, Sudha Madhuri1 aA Beginning to an end DarimbaricSudha Madhuri D. a2013 aNew DelhibKalpana Shuklac2013 a4676/21, First Floor, Ansari Road, DaryaganjbNew Delhie110002 a162p.c23cm (pbk)